| 000 | 00586nam a22002057a 4500 | ||
|---|---|---|---|
| 999 |
_c6299 _d6299 |
||
| 003 | AR-CdUCM | ||
| 008 | 190314b ||||| |||| 00| 0 spa d | ||
| 040 |
_aMUNICIPALIDAD PROVINCIAL DEL CUSCO _cBIBLIOTECA MUNICIPAL DEL CUSCO |
||
| 082 |
_a869.56 / _bB27 |
||
| 100 |
_aBarrera Reyes, Luis Alberto, _95657 |
||
| 245 | _aPoemas del alma / | ||
| 260 |
_aCusco : _bEdit. Impr. Kopygraf, _c2014. |
||
| 300 |
_a75 paginas ; _c20 cm. |
||
| 505 | _aPoemas | ||
| 650 |
_aPoemas y versos _918055 |
||
| 650 |
_aCusco _9772 |
||
| 650 |
_aSiglo XXI _92856 |
||
| 942 |
_2ddc _cLIBROS |
||
| 945 | _awnts | ||